|
|
|
|
| LEADER |
01142nam a22003257a 4500 |
| 001 |
31770 |
| 003 |
BD-DhAAL |
| 005 |
20180208112229.0 |
| 008 |
180208t2002 bg wr l f0 a0mul d |
| 999 |
|
|
|c 39101
|d 39101
|
| 040 |
|
|
|a BD-DhAAL
|c BD-DhAAL
|
| 041 |
|
|
|a Eng
|a Ben
|
| 082 |
0 |
4 |
|a 340.095492
|2 22
|
| 110 |
1 |
|
|a Bangladesh.
|9 4144
|
| 245 |
1 |
|
|a The Bangladesh gazette 2002, acts 1-34, ordi. 1-2,
|n vol. XXXI
|
| 246 |
0 |
3 |
|a বাংলাদেশ গেজেট
|
| 260 |
|
|
|a Dhaka :
|b Bangladesh Government Press,
|c 2002
|
| 300 |
|
|
|a 187 pages ;
|c 24 cm.
|
| 526 |
|
|
|a AAL
|
| 541 |
1 |
|
|e 31770
|
| 650 |
|
0 |
|a Gazettes
|z Bangladesh.
|9 3844
|
| 650 |
|
0 |
|a Law
|z Bangladesh.
|9 4145
|
| 650 |
|
7 |
|a LAW
|2 unbist
|9 4146
|
| 650 |
|
7 |
|a GAZETTES
|2 unbist
|9 4147
|
| 650 |
|
7 |
|a BANGLADESH
|2 unbist
|9 4148
|
| 651 |
|
0 |
|a Bangladesh
|x Politics and government.
|9 4149
|
| 655 |
|
7 |
|a Official gazettes.
|2 lcgft
|9 3850
|
| 852 |
1 |
|
|a Ayesha Abed Library
|j General Stacks
|
| 942 |
|
|
|2 ddc
|c 1HOUR
|
| 952 |
|
|
|0 0
|1 4
|2 ddc
|4 0
|6 340_095492000000000_BAN
|7 0
|9 62708
|a BRACUL
|b BRACUL
|c CIR
|d 2018-02-08
|l 0
|o 340.095492 BAN
|p 3010031770
|r 2018-02-08
|t 1
|w 2018-02-08
|y 1HOUR
|x Koha Inventory 2020
|